|
|
|
|
| LEADER |
01675cas a2200241 a 4500 |
| 001 |
AALejournalIMF006404 |
| 008 |
230101c9999 xx r poo 0 0eng d |
| 020 |
|
|
|c 5.00 USD
|
| 020 |
|
|
|z 9781455203833
|
| 022 |
|
|
|a 1934-7685
|
| 040 |
|
|
|a BD-DhAAL
|c BD-DhAAL
|
| 110 |
2 |
|
|a International Monetary Fund.
|
| 245 |
1 |
0 |
|a Philippines :
|b Financial System Stability Assessment Update.
|
| 264 |
|
1 |
|a Washington, D.C. :
|b International Monetary Fund,
|c 2010.
|
| 300 |
|
|
|a 1 online resource (44 pages)
|
| 490 |
1 |
|
|a IMF Staff Country Reports
|
| 500 |
|
|
|a <strong>Off-Campus Access:</strong> No User ID or Password Required
|
| 500 |
|
|
|a <strong>On-Campus Access:</strong> No User ID or Password Required
|
| 506 |
|
|
|a Electronic access restricted to authorized BRAC University faculty, staff and students
|
| 520 |
3 |
|
|a This paper reviews the Financial System Stability Assessment Update on the Philippines. The assessment reveals that the banking sector has been strengthened considerably since the Asian crisis of the late 1990s and today appears generally resilient to a broad range of macroeconomic risks. The impact of the ongoing global crisis has been milder than originally feared, and the macroeconomic outlook is improving, although risks remain elevated in the near term. Considerable progress has been made toward implementing the recommendations of the initial Financial Sector Assessment Program, particularly in banking supervision.
|
| 538 |
|
|
|a Mode of access: Internet
|
| 830 |
|
0 |
|a IMF Staff Country Reports; Country Report ;
|v No. 2010/090
|
| 856 |
4 |
0 |
|z Full text available on IMF
|u http://elibrary.imf.org/view/journals/002/2010/090/002.2010.issue-090-en.xml
|z IMF e-Library
|